<?xml version="1.0" encoding="UTF-8"?>
<record
    xmlns:xsi="http://www.w3.org/2001/XMLSchema-instance"
    xsi:schemaLocation="http://www.loc.gov/MARC21/slim http://www.loc.gov/standards/marcxml/schema/MARC21slim.xsd"
    xmlns="http://www.loc.gov/MARC21/slim">

  <leader>00619nam a2200169Ia 4500</leader>
  <controlfield tag="003">STCL</controlfield>
  <controlfield tag="008">181203s9999    xx            000 0 und d</controlfield>
  <datafield tag="040" ind1=" " ind2=" ">
    <subfield code="a">STCL</subfield>
    <subfield code="b">EN</subfield>
    <subfield code="c">STCL</subfield>
  </datafield>
  <datafield tag="082" ind1=" " ind2=" ">
    <subfield code="2">22</subfield>
  </datafield>
  <datafield tag="100" ind1=" " ind2=" ">
    <subfield code="a">Maniyattu, Pauly, Ed.</subfield>
  </datafield>
  <datafield tag="245" ind1=" " ind2="0">
    <subfield code="a">&#xD2E;&#xD24;&#xD35;&#xD41;&#xD02; &#xD36;&#xD3E;&#xD38;&#xD4D;&#xD24;&#xD4D;&#xD30;&#xD35;&#xD41;&#xD02;: &#xD38;&#xD24;&#xD4D;&#xD2F;&#xD24;&#xD4D;&#xD24;&#xD3F;&#xD32;&#xD47;&#xD15;&#xD4D;&#xD15;&#xD41;&#xD33;&#xD4D;&#xD33; &#xD24;&#xD40;&#xD7C;&#xD24;&#xD4D;&#xD25;&#xD3E;&#xD1F;&#xD28;&#xD19;&#xD4D;&#xD19;&#xD7E;</subfield>
  </datafield>
  <datafield tag="246" ind1=" " ind2=" ">
    <subfield code="a">Mathavum Shasthravum: Sathyathilekkulla Theerthadanangal / Essays on Science and Religion</subfield>
  </datafield>
  <datafield tag="260" ind1=" " ind2=" ">
    <subfield code="b">Oriental Instititute of Religious Studies</subfield>
    <subfield code="a">Kottayam</subfield>
    <subfield code="c">2010</subfield>
  </datafield>
  <datafield tag="300" ind1=" " ind2=" ">
    <subfield code="a">248</subfield>
  </datafield>
  <datafield tag="546" ind1=" " ind2=" ">
    <subfield code="a">Malayalam</subfield>
  </datafield>
  <datafield tag="942" ind1=" " ind2=" ">
    <subfield code="2">ddc</subfield>
    <subfield code="c">BK</subfield>
  </datafield>
  <datafield tag="999" ind1=" " ind2=" ">
    <subfield code="c">83427</subfield>
    <subfield code="d">83427</subfield>
  </datafield>
  <datafield tag="952" ind1=" " ind2=" ">
    <subfield code="0">0</subfield>
    <subfield code="1">0</subfield>
    <subfield code="2">ddc</subfield>
    <subfield code="4">0</subfield>
    <subfield code="7">0</subfield>
    <subfield code="a">STCAL</subfield>
    <subfield code="b">STCAL</subfield>
    <subfield code="c">GEN</subfield>
    <subfield code="d">2018-12-03</subfield>
    <subfield code="l">0</subfield>
    <subfield code="o">201.65 MAN-P</subfield>
    <subfield code="p">91210</subfield>
    <subfield code="r">2018-12-03 00:00:00</subfield>
    <subfield code="w">2018-12-03</subfield>
    <subfield code="y">BK</subfield>
  </datafield>
</record>
